مكتبة جامعة عجلون الوطنية

فهرس بحث المكتبة

Normal view MARC view
  • العنف - جوانب اجتماعية - مؤتمرات 

Entry Topical Term

Number of records used in: 1

001 - CONTROL NUMBER

  • control field: 31769

003 - CONTROL NUMBER IDENTIFIER

  • control field: JO-AjAnu

005 - DATE AND TIME OF LATEST TRANSACTION

  • control field: 20230606075339.0

008 - FIXED-LENGTH DATA ELEMENTS

  • fixed length control field: 230606|| aca||aabn | a|a d

040 ## - CATALOGING SOURCE

  • Original cataloging agency: JO-AjAnu
  • Transcribing agency: JO-AjAnu

150 ## - HEADING--TOPICAL TERM

  • Topical term or geographic name entry element: العنف - جوانب اجتماعية - مؤتمرات 

670 ## - SOURCE DATA FOUND

  • Source citation: Work cat.: (JO-AjAnu)16312: تحرير: العكروش، لبنى ؛ مشرف: انور البطيخي, author 31768, دور البحث العلمي في معالجة ظاهرة العنف في الأردن : وقائع المؤتمر الثالث للبحث العلمي في الأردن، 17/11/2007